000 00280nam a2200133Ia 4500
100 _aPARR/ANDREW
650 _aPRODUCTION
942 _cBK
366 _f20
245 _aHYDRAULICA AND PNEUMATICS
260 _bAHMEDABAD
_aJAICO PUBL.
_c2005
300 _a223
546 _aENGLISH
999 _c22199
_d22199